000 01406cam a2200373 a 4500
001 1412
005 20231124145835.0
020 _a0807515612 (hardback)
020 _a0590449850
040 _aDLC
_cDLC
_dDLC
_dOCoLC
_dDLC
_beng
050 0 0 _aPZ7.W244
_bDe 1991
082 0 0 _a813.54
100 1 _aWarner, Gertrude Chandler
_d1890-1979.
245 1 4 _aThe deserted library mystery /
_c by Gertrude Chandler Warner ; illustrated by Charles Tang.
250 _aFirst Scholastic prinitng, October 1991
260 _aMorton Grove :
_bScholastic,
_c1991
300 _a121 pages :
_billustrations ;
_c20 cm
490 1 _aThe Boxcar children mysteries
_vBook 21
505 _aM
520 _aAt an old library, the Alden children discover a boy who needs their help and a stranger who is after a valuable object they found in the library.
521 _a540
_bLexile
521 _aM
_bRaz-Plus
650 0 _aBoxcar children (Fictitious characters)
_vJuvenile fiction.
650 0 _aOrphans
_vJuvenile fiction.
650 0 _aFamilies
_vJuvenile fiction.
650 1 _aBrothers and sisters
_vFiction.
650 1 _aOrphans
_vFiction.
650 1 _aLibraries
_vFiction.
650 1 _aMystery and detective stories.
655 7 _aDetective and mystery stories.
_2gsafd
700 1 _aTang, Charles
_eillustrator
906 _a7
_bcbc
_corignew
_d1
_eocip
_f19
_gy-gencatlg
942 _2ddc
_cBK
_n0
999 _c1412
_d1412